Introduction To Business Statistic, (Record no. 5246)

MARC details
005 - DATE AND TIME OF LATEST TRANSACTION
control field 20250626083625.0
020 ## - INTERNATIONAL STANDARD BOOK NUMBER
International Standard Book Number 0-534-38771-3
082 ## - DEWEY DECIMAL CLASSIFICATION NUMBER
Classification number 519.5 CHA.
100 ## - MAIN ENTRY--PERSONAL NAME
Author name CHAFFE, C. P.
245 ## - TITLE STATEMENT
Title Introduction To Business Statistic,
250 ## - EDITION STATEMENT
Edition statement 4th Ed.
260 ## - PUBLICATION, DISTRIBUTION, ETC.
Place of publication, distribution, etc. New York,
Name of publisher, distributor, etc. Thomson Learning, Duxburry,
Date of publication, distribution, etc. 1999.
300 ## - PHYSICAL DESCRIPTION
Extent 562p.; Ill.; table,
Dimensions 27cm.
700 ## - ADDED ENTRY--PERSONAL NAME
Other authors/Editors STENGEL, N. D.
942 ## - ADDED ENTRY ELEMENTS (KOHA)
Source of classification or shelving scheme Dewey Decimal Classification
Koha item type Books
Holdings
Date last seen Total checkouts Full call number Barcode Cost, replacement price Price effective from Koha item type Lost status Source of classification or shelving scheme Damaged status Not for loan Withdrawn status Home library Current library Shelving location Date acquired Cost, normal purchase price
06/26/2025   519.5 CHA. DOM0001027 225000.00 06/26/2025 Books   Dewey Decimal Classification       CBE Dodoma CBE Dodoma General Collection 04/06/2009 75000.00